Español 5000 #1 - Adjetivos (Fáciles) - Statistics

General Stats
  • This quiz has been taken 12 times
  • The average score is 34 of 212
Answer Stats
Definición Corta en Español Palabra % Correct
De color de la nieve o la leche. blanco
100%
De gran estatura o altura; elevado. alto
80%
Lindo, agradable a la vista. bonito
80%
De color más oscuro, como el carbón. negro
80%
De color como el oro o el limón. amarillo
60%
Relativo a América. americano
60%
De color como el cielo sin nubes. azul
60%
De poca altura; inferior. bajo
60%
De poca longitud. corto
60%
Que no presenta dificultad. fácil
60%
Sin vida; que ha dejado de vivir. muerto
60%
De gran velocidad. rápido
60%
De color de la sangre. rojo
60%
Pronombre posesivo de tercera persona. su
60%
Que siente tristeza; melancólico. triste
60%
De color como la hierba fresca. verde
60%
Que atrae o agrada. atractivo
40%
Fundamental, esencial. básico
40%
De cualidad positiva. bueno
40%
Que no está abierto. cerrado
40%
Que presenta obstáculos o requiere esfuerzo. difícil
40%
Relativo a España o su idioma. español
40%
Que siente alegría o dicha. feliz
40%
De baja temperatura; distante. frío
40%
De gran tamaño; importante. grande
40%
Atractivo físicamente; bien parecido. guapo
40%
Relativo a Inglaterra o su idioma. inglés
40%
De poca velocidad. lento
40%
De cualidad negativa; perjudicial. malo
40%
Indica mayor cantidad o grado. más
40%
Pronombre posesivo de primera persona del singular. mi
40%
Idéntico; igual. mismo
40%
De piel o cabello oscuro. moreno
40%
Gran cantidad de. mucho
40%
Que no tiene ningún defecto. perfecto
40%
Extraño, inusual; escaso. raro
40%
Que tiene mucho dinero o bienes; sabroso. rico
40%
Grave, formal; importante. serio
40%
Que se parece a algo o alguien. similar
40%
Así; como. tal
40%
La totalidad de algo; cada elemento. todo
40%
Que tiene belleza; hermoso. bello
20%
Que emite o refleja mucha luz. brillante
20%
Distribuye individualmente; uno por uno. cada
20%
Que da calor; afectuoso. cálido
20%
Que tiene o produce calor. caliente
20%
Que está en el centro. central
20%
Con mucha luz; fácil de entender. claro
20%
Que tiene todas sus partes. completo
20%
De difícil comprensión o resolución. complicado
20%
Sin errores; conforme a las reglas. correcto
20%
Que tiene la capacidad de crear. creativo
20%
Relativo a la cultura. cultural
20%
Que va en línea recta; justo. derecho
20%
Que no es igual; distinto. diferente
20%
Pronombre o adjetivo demostrativo (distancia media). ese
20%
Particular, extraordinario; diferente. especial
20%
De poca inteligencia; tonto. estúpido
20%
Preciso, sin error; fiel. exacto
20%
Que no es verdadero; que engaña. falso
20%
Relativo a la familia; conocido. familiar
20%
Desagradable a la vista; sin belleza. feo
20%
Común a muchos o a todos. general
20%
De mucho volumen o grosor. gordo
20%
De color entre blanco y negro. gris
20%
Perfecto; que cumple las expectativas. ideal
20%
Que es idéntico o similar. igual
20%
De gran valor o significado. importante
20%
Que no puede ser o suceder. imposible
20%
Que tiene capacidad de entender y razonar. inteligente
20%
Que no es regular; que no sigue una norma. irregular
20%
Que está en el lado opuesto al derecho. izquierdo
20%
Cerca de; en compañía de. junto
20%
Que actúa con justicia o es equitativo. justo
20%
Relativo a la cultura o pueblos de origen latino. latino
20%
Que tiene libertad; sin ataduras. libre
20%
Relativo a un lugar determinado. local
20%
Que ha perdido la razón; insensato. loco
20%
Hecho con las manos; libro de instrucciones. manual
20%
Relativo a la materia; físico. material
20%
Que está en el centro; la mitad. medio
20%
Relativo a la mente. mental
20%
Relativo a la moral o las costumbres. moral
20%
De la naturaleza; espontáneo. natural
20%
Que implica negación; perjudicial. negativo
20%
Relativo a los nervios; inquieto. nervioso
20%
Que se ajusta a la norma o a lo habitual. normal
20%
Que acaba de hacerse o aparecer; reciente. nuevo
20%
Diferente; adicional. otro
20%
Que ha sucedido; tiempo anterior. pasado
20%
De poco tamaño. pequeño
20%
Relativo a una persona. personal
20%
Que no tiene bienes ni recursos. pobre
20%
Escasa cantidad de. poco
20%
Que precede a los demás en orden. primero
20%
Fundamental; lo más importante. principal
20%
Relativo al pueblo o a todos. público
20%
Fundamental; extremo; de raíz. radical
20%
Relativo a una región. regional
20%
De color entre rojo y blanco. rosado
20%
Que sigue al primero en orden. segundo
20%
Relativo al sexo. sexual
20%
Que no hace ruido; callado. silencioso
20%
Sencillo, no complejo; fácil. simple
20%
Sin compañía; único. solo
20%
Pronombre posesivo de segunda persona del singular (informal). tu
20%
Que está al final; más reciente. último
20%
De mucha edad; antiguo. viejo
20%
Que tiene vida; intenso. vivo
20%
Que se añade o complementa. adicional
0%
Indefinido, uno o varios. alguno
0%
Dicho a quien llega, para expresarle agrado. bienvenido
0%
Relativo a la biología o a los seres vivos. biológico
0%
Verdadero; seguro. cierto
0%
Complicado; que tiene muchas partes interconectadas. complejo
0%
Que pertenece a todos; frecuente. común
0%
Específico, no abstracto; real. concreto
0%
Que carece de claridad; desordenado. confuso
0%
Que se conoce o es familiar. conocido
0%
Que permanece sin cambios; persistente. constante
0%
Opuesto; que va en dirección opuesta. contrario
0%
De alto precio; caro. costoso
0%
Que disfruta haciendo sufrir a otros. cruel
0%
Pronombre o adjetivo interrogativo de cantidad. cuánto
0%
Que tiene un sabor muy agradable. delicioso
0%
Que es dos veces una cantidad; con dos aspectos. doble
0%
De sabor suave y azucarado; tierno. dulce
0%
Que es firme y resistente; severo. duro
0%
Básico, fundamental; simple. elemental
0%
Relativo a las emociones. emocional
0%
Muy grande; de gran tamaño. enorme
0%
Completo, sin partes que falten. entero
0%
Pronombre o adjetivo demostrativo (cercanía). este
0%
De muy buena calidad; superior. excelente
0%
Que está por fuera; la parte externa. exterior
0%
Que está por fuera; ajeno. externo
0%
Adicional; más allá de lo normal. extra
0%
Que beneficia o es propicio. favorable
0%
Preferido sobre los demás. favorito
0%
Delgado, con poca carne. flaco
0%
Que se puede doblar fácilmente; adaptable. flexible
0%
Serio, correcto; conforme a las reglas. formal
0%
Que inspira temor o admiración; excelente. formidable
0%
Que tiene mucha fuerza; intenso. fuerte
0%
Básico, esencial; principal. fundamental
0%
Que comparte lo que tiene; desprendido. generoso
0%
Que dice la verdad y obra con rectitud. honesto
0%
Que causa horror o es muy desagradable. horrible
0%
Relativo al ser humano. humano
0%
Difícil de creer; asombroso. increíble
0%
Relativo a una sola persona o cosa. individual
0%
Que está por debajo en posición o calidad. inferior
0%
Que no puede ser visto. invisible
0%
Relativo a la juventud. juvenil
0%
Que contiene todo lo que puede contener. lleno
0%
El más grande o el más alto posible. máximo
0%
De tamaño o cualidad intermedia. mediano
0%
El más pequeño o el más bajo posible. mínimo
0%
Relativo a los músculos. muscular
0%
Que se necesita o es indispensable. necesario
0%
Ni uno solo; cero. ninguno
0%
De alta cuna; honrado; generoso. noble
0%
Que nos pertenece. nuestro
0%
Evidente, claro. obvio
0%
Que está enfrente; contrario. opuesto
0%
Único; novedoso; del origen. original
0%
Que no actúa o no reacciona. pasivo
0%
Querido por el pueblo; común. popular
0%
Que puede suceder o es verosímil. probable
0%
Que no está mezclado; limpio. puro
0%
Que ocupa el lugar número cinco. quinto
0%
Que se basa en la razón. racional
0%
Conforme a la razón; justo. razonable
0%
Que se ajusta a la realidad. realista
0%
Que ha ocurrido hace poco tiempo. reciente
0%
Disminuido en tamaño o cantidad. reducido
0%
Normal, corriente; de calidad media. regular
0%
Que guarda relación con algo. relativo
0%
Importante; sobresaliente. relevante
0%
Que cumple sus obligaciones; consciente de las consecuencias. responsable
0%
Que no se dobla; estricto. rígido
0%
Relativo al campo. rural
0%
Sin humedad; árido. seco
0%
Que ocupa el segundo lugar; de menor importancia. secundario
0%
Agradable, amable, que cae bien. simpático
0%
Único en su especie; extraordinario. singular
0%
Relativo a la sociedad; sociable. social
0%
Firme, compacto; resistente. sólido
0%
De textura blanda; delicado; tranquilo. suave
0%
Que basta para lo que se necesita. suficiente
0%
Que está por encima en jerarquía o calidad. superior
0%
En la misma cantidad o medida. tanto
0%
Que sigue al segundo en orden. tercero
0%
Que causa terror o miedo; muy malo. terrible
0%
Característico de un tipo o lugar. típico
0%
De poca inteligencia; bobo. tonto
0%
Completo, que abarca todo. total
0%
En calma, sin agitación; pacífico. tranquilo
0%
Solo en su especie; excepcional. único
0%
Que está junto o mezclado; enlazado. unido
0%
Que abarca todo el universo; común a todos. universal
0%
Perezoso; impreciso. vago
0%
Que tiene validez legal o lógica; aceptable. válido
0%
Que cambia o puede cambiar. variable
0%
Diferentes, diversos; algunos. varios
0%
Relativo a las palabras. verbal
0%
Que está en posición perpendicular al suelo. vertical
0%
Que puede llevarse a cabo; factible. viable
0%
Que se puede ver. visible
0%
Relativo a la vista. visual
0%
Esencial para la vida; muy importante. vital
0%
Pronombre posesivo de segunda persona del plural (informal, España). vuestro
0%
No matching quizzes found
Score Distribution
Percent of People with Each Score
Percentile by Number Answered
Your Score History
You have not taken this quiz